Einführung in die wehrgeologie, (Record no. 28165)

MARC details
000 -LEADER
fixed length control field 00810cam a22002291 4500
001 - CONTROL NUMBER
control field gs 47000200
003 - CONTROL NUMBER IDENTIFIER
control field DLC
005 - DATE AND TIME OF LATEST TRANSACTION
control field 20260227111352.0
008 - FIXED-LENGTH DATA ELEMENTS--GENERAL INFORMATION
fixed length control field 871006s1938 gw abf b 000 0 ger c
010 ## - LIBRARY OF CONGRESS CONTROL NUMBER
LC control number gs 47000200
040 ## - CATALOGING SOURCE
Original cataloging agency U.S. Geol. Survey. Libr./ICU
Transcribing agency ICU
Modifying agency DLC
050 00 - LIBRARY OF CONGRESS CALL NUMBER
Classification number QE33
Item number .M6
100 1# - MAIN ENTRY--PERSONAL NAME
Personal name Mordziol, Carl,
Dates associated with a name 1886-
245 10 - TITLE STATEMENT
Title Einführung in die wehrgeologie,
Statement of responsibility, etc. von dr. Carl Mordziol ...
260 ## - PUBLICATION, DISTRIBUTION, ETC.
Place of publication, distribution, etc. Frankfurt a. M.,
Name of publisher, distributor, etc. O. Salle,
Date of publication, distribution, etc. 1938.
300 ## - PHYSICAL DESCRIPTION
Extent xiv, 102 p.
Other physical details illus. (incl. maps, profiles) plates, diagrs.
Dimensions 22 cm.
490 1# - SERIES STATEMENT
Series statement Mathematisch-naturwissenschaftlich technischebücherei ...
Volume/sequential designation bd. 32
504 ## - BIBLIOGRAPHY, ETC. NOTE
Bibliography, etc. note Bibliographical foot-notes.
650 #0 - SUBJECT ADDED ENTRY--TOPICAL TERM
Topical term or geographic name entry element Military geology.
740 0# - ADDED ENTRY--UNCONTROLLED RELATED/ANALYTICAL TITLE
Uncontrolled related/analytical title Wehrgeologie.
830 #0 - SERIES ADDED ENTRY--UNIFORM TITLE
Uniform title Mathematisch-naturwissenschaftlich Technischebücherei ;
Volume/sequential designation Bd. 32.

No items available.

Powered by Koha